000 01371nam a22002537a 4500
005 20170124103206.0
010 _aB-185247
020 _c450.00
_a8188684589
035 _aB-185247
037 _bCen Lib/Ret
040 _aDPL
_bHN
082 _a382.6
_bवर्मासु
100 _aवर्मा, सुभाष चन्द्र
_943924
245 _aभारतीय निर्यात और अर्थव्यवस्था :
_cसुभाष चन्द्र वर्मा
_bभदोही का कालीन उद्योग /
246 _aBharteey niryat aur arthvyavstha : bhadohi ka kaleen udyog /
_bby Subhash Chandra Verma
260 _aदिल्ली
_bनीलाचल सारस्वत संघ अकादमिक एक्स्सेलेन्स
_c2006
270 _bदिल्ली
_a42, एकता अपार्टमेंट, गीता कालोनी
_e110031
300 _aviii,217पृ.
_c20सेमी(सजिल्द)
650 _aभारत -- अर्थव्यवस्था
_94690
650 _aभारत -- निर्यात व्यापार में भूमिका
_981575
650 _aIndia - Economy
_993717
650 _aIndia - export business role
_993718
942 _2ddc
_cHN
_h382.6
_mवर्मासु
999 _c120977
_d120977